Catálogo de novedades 2006
Gardado en:
| Formato: | Texto |
|---|---|
| Publicado: |
Buenos Aires:
CLACSO
|
| Etiquetas: |
Engadir etiqueta
Sen Etiquetas, Sexa o primeiro en etiquetar este rexistro!
|
MARC
| LEADER | 00000 a a2200000 04500 | ||
|---|---|---|---|
| 001 | 35205 | ||
| 003 | |||
| 040 | |||
| 090 | |a REF 1007 C583c |b REFERENCIA | ||
| 245 | |a Catálogo de novedades 2006 | ||
| 260 | |a Buenos Aires: |b CLACSO | ||
| 999 | |c 12770 |d 12770 | ||
